MDQL
is popping MORE tags! Check the
thread
!
Quizzes
Events
Quiz Creation
Community
Videos
Private Events
Remove Ads
Sign In
Join for FREE
Feedback
Dark Mode
Quiz Categories
Sports
Geography
Music
Movies
Television
Just For Fun
Miscellaneous
History
Literature
Language
Science
Gaming
Entertainment
Religion
Holiday
For Kids
Quiz Lab
Recent
Popular Today
Quiz Kudos Today
Editor Picks
Curator Picks
Quizzes by...
Day
Popularity
Type
Ratings
Length
Year
Community
Subscriptions
Recent Discussions
Orange Saloon
Badges
Playlists
Quests
Create
Leaderboards
Showdown
Live 5
Trivia Bingo
Activity
Puzzle Library
Sporcle Events
Private Events
Virtual Trivia
Globe League
Become a Host
Pub Owners
SporcleCon
Opinionation
Our Games
Videos
Blog
Mobile Apps
Partnerships
Remove Ads and Go Orange
Feedback
Sports
Athletes
MLB
NBA
NHL
NFL
Soccer
Sports Teams
WWE
NCAA
Football
Premier League
Basketball
Baseball
Hockey
Golf
Tennis
Cricket
Rugby
Auto Racing
Olympics
World Cup
Sports
Athletes
MLB
NBA
NHL
NFL
Soccer
Sports Teams
WWE
NCAA
Football
Premier League
Basketball
Baseball
Hockey
Golf
Tennis
Cricket
Rugby
Auto Racing
Olympics
World Cup
Random Quiz
Search Sporcle
×
Quiz Lab
Quiz Lab
Sports
NBA
Type in answers that appear in a list
Type in answers that appear in a list
Classic
Best Score? Go Orange.
NBA: 300 games in 3 years Stats
Including the regular season and playoffs, can you name the NBA players to play in 300 or more games in three (3) years with one team?
By
jsnellerwm
6m
39 Questions
387 Plays
387 Plays
387 Plays
Comments
Comments
Give Quiz Kudos
Give Quiz Kudos
-
- Ratings
hide this ad
Replay
Link that replays current quiz
Next Quiz
Link to next quiz in quiz playlist
You Got
0%
They Got
Avg Score
77%
Avg Friend Score
Upgrade to see
Score Distribution
Jump to the score distribution portion of the page
Score
0/39
Timer
06:00
0
Plays Today
Team
Player (G)
% Correct
CHI
Michael Jordan (304)
97.7%
BOS
Larry Bird (302)
97.2%
LAL
Kobe Bryant (304)
96.9%
CHI
Scottie Pippen (300)
96.4%
CHI
Scottie Pippen (303)
96.4%
UTA
Karl Malone (303)
95.6%
DET
Isiah Thomas (302)
94.8%
DET
Chauncey Billups (305)
94.3%
DET
Ben Wallace (303)
94.3%
DET
Vinnie Johnson (306)
94.1%
DET
Richard Hamilton (301)
92%
DET
Richard Hamilton (300)
92%
BOS
Rajon Rondo (302)
91.2%
BOS
Robert Parish (302)
90.2%
BOS
Robert Parish (300)
89.9%
DET
Dennis Rodman (305)
87.6%
DET
Bill Laimbeer (300)
86.8%
DET
Bill Laimbeer (304)
86.8%
DET
Tayshaun Prince (312)
85.5%
DET
Tayshaun Prince (305)
85.5%
Team
Player (G)
% Correct
LAL
Derek Fisher (312)
84.8%
LAL
Derek Fisher (301)
84.8%
CLE
Tristan Thompson (301)
76%
LAL
Lamar Odom (304)
73.1%
SAS
Bruce Bowen (303)
70.8%
SAS
Bruce Bowen (303)
70.8%
UTA
Jeff Hornacek (302)
69.5%
POR
Terry Porter (301)
69%
CHI
B.J. Armstrong (300)
65.4%
CHI
B.J. Armstrong (304)
65.4%
POR
Clifford Robinson (304)
64.1%
LAL
A.C. Green (300)
61.5%
LAL
Michael Cooper (301)
60.7%
LAL
Michael Cooper (300)
60.7%
LAL
Rick Fox (304)
58.1%
POR
Buck Williams (300)
54.8%
SEA
Jack Sikma (300)
54%
DET
Antonio McDyess (300)
28.4%
SEA
Paul Silas (300)
11.1%
Quiz Playlist
Details
Report
Send in Message
Add To Playlist
Classic:
Type in answers that appear in a list
Last Updated: Oct 3, 2019
Quiz Scoreboard
CHALLENGE
Sign Up to Join the Scoreboard
Show All
Scores
Hide
Comments
May contain spoilers
Recently Published
Two Season TV Shows II
by 123Four
Television
10m
Image Sorting: Flags VI
by Barbecue
Geography
2m
Find the 'City' Movie
by crazypaving
Movies
60s
More to Explore
Quiz From the Vault
Featured Blog Post
14 Easter Pick-up Lines to Find Eggs With
hide this ad
You Might Also Like...
Tags
NBA Quiz
Play Quiz
300
Player
regular
season
team
three
Today's Top Quizzes in Sports
Browse Sports
hide this ad
Today's Top Quizzes in NBA
Browse NBA
Top Contributed Quizzes in Sports
1
Les meilleurs buteurs des matchs entre le PSG et l’OM
2
Les entraîneurs de l'OM et du PSG au 21e siècle
3
2022 World Cup Stars
4
Les joueurs passés par le PSG et l'OM
5
Players with Multiple 50 Home Run Seasons
6
FIFA Club World Cup Champions
7
Criteria MLB: Left Handed Sluggers
8
Les joueurs passés par le LOSC et le RC Lens
9
Top 10 NHL Goal Scorers of All Time
10
MLB Players with Two .350 Batting Average Seasons
Explore More
Trending Topics
NBA
Harry Potter
Anime
Marvel
Disney
Kpop
Crossword
WWE
The Office
Country
Song
Puzzle
Pokémon
NFL
Soccer
hide this ad
More By:
jsnellerwm
Quiz
Plays
Rating
Category
Featured
Created
NBA Draft Class Top Scorers
67,425
4.87
Sports
Dec 28, 2016
NBA Playoff Point Leaders
52,160
4.77
Sports
Apr 25, 2017
30-Points in NBA Finals Decider
52,116
4.69
Sports
Jun 13, 2017
NBA Quickest to 500 Points
47,709
4.69
Sports
Jun 26, 2017
NBA: 1,000 Games, 75% Starts
42,204
4.70
Sports
Dec 27, 2016
Go to Creator's Profile
Score Distribution
Quiz Creator Spotlight
jsnellerwm
Follow
Send a Message
Quizzes Created
-
Created Quiz Play Count
-
More By This Creator
Popular Quizzes Today
1
Find the US States - No Outlines Minefield
2
Colored Red Africa Blitz
3
Find the 'City' Movie
4
5x2 Blitz: Bands
5
The Countries of the World
6
Find the Countries of Europe - No Outlines Minefield
7
Find the US States
8
US States
More Sports Quizzes
NHL Top 100 Scoring Defensemen All-time
Quiz Lab
Trending Quizzes
Colored Red Europe Blitz I
Colored Red Africa Blitz II
Colored Red Europe Blitz II
Colored Red Europe Blitz III
Colored Red Africa Blitz III
Recently Updated
How Do You Spell That?
pecheneg
Godzilla Movies
pecheneg
Grab Bag: 4-10 Letters
pecheneg
2024 March Madness Bracket
pecheneg
Famous TV Couples
Peacemaker
Champions League XIs: Real Madrid
pecheneg
Largest US Cities 1790-2010
pecheneg
Rides in Walt Disney World
pecheneg
Most Oscar Losses (Acting)
pecheneg
Beyoncé Albums
pecheneg
Trending Topics
Kpop
Disney
Anime
Marvel
NBA
Crossword
Harry Potter
Pokémon
Country
Song
Puzzle
WWE
The Office
Soccer
NFL
Your Account Isn't Verified!
In order to create a playlist on Sporcle, you need to verify the email address you used during registration. Go to your
Sporcle Settings
to finish the process.
Report this User
Report this user for behavior that violates our
Community Guidelines
.
Details:
Send Report
Go to the Sporcle.com Mobile Site →
Comments